| 000 | 01351nam a2200337 a 4500 | ||
|---|---|---|---|
| 001 | ebr10671425 | ||
| 003 | CaPaEBR | ||
| 006 | m u | ||
| 007 | cr cn||||||||| | ||
| 008 | 100415s2011 nyuad sb 001 0 eng d | ||
| 010 | _z 2010012247 | ||
| 020 | _z9781616685270 (hardcover) | ||
| 020 | _z9781613247006 (e-book) | ||
| 040 |
_aCaPaEBR _cCaPaEBR |
||
| 035 | _a(OCoLC)830627788 | ||
| 050 | 1 | 4 |
_aQ337.3 _b.P37 2011eb |
| 082 | 0 | 4 |
_a006.3 _222 |
| 245 | 0 | 0 |
_aParticle swarm optimization _h[electronic resource] : _btheory, techniques and applications / _cAndrea E. Olsson, editor. |
| 260 |
_aHauppauge, N.Y. : _bNova Science Publishers, _cc2011. |
||
| 300 |
_axi, 305 p. : _bill. |
||
| 490 | 1 | _aEngineering tools, techniques and tables | |
| 504 | _aIncludes bibliographical references and index. | ||
| 533 |
_aElectronic reproduction. _bPalo Alto, Calif. : _cebrary, _d2013. _nAvailable via World Wide Web. _nAccess may be limited to ebrary affiliated libraries. |
||
| 650 | 0 | _aSwarm intelligence. | |
| 650 | 0 | _aMathematical optimization. | |
| 655 | 7 |
_aElectronic books. _2local |
|
| 700 | 1 | _aOlsson, Andrea E. | |
| 710 | 2 | _aebrary, Inc. | |
| 830 | 0 | _aEngineering tools, techniques and tables. | |
| 856 | 4 | 0 |
_uhttp://site.ebrary.com/lib/rucke/Doc?id=10671425 _zAn electronic book accessible through the World Wide Web; click to view |
| 999 |
_c162488 _d162488 |
||